000 00397nam a22001697a 4500
003 koha_MIRAKIL
005 20231213095759.0
008 231213b |||||||| |||| 00| 0 ||| d
040 _aTR-IsEVY
_btur
_cTR-IsEVY
082 _a153.93 LAU/Z
100 _aPeter Lauster.
245 0 _aZeka ölçümü.
260 _b[s.n.],
_c1978
300 _a[ ] p.
650 _aPsikoloji.
942 _2ddc
_cBK
999 _c9322
_d9322